000 01243nam a2200229Ia 4500
003 Ost
005 20260507075744.0
008 260507s9999||||xx |||||||||||||| ||und||
020 _a×059709961
040 _cfsecg
041 _aara
082 _a330
100 _aالموسوي، ضياء مجيد
_eمؤلف
245 0 _aالعولمة وإقتصاد السوق الحرة /
_c ضياء مجيد الموسوي
260 _aالجزائر:
_bديوان المطبوعات الجامعية,
_c2003
300 _a173 صفحة؛
_bإيضاحات ؛
_c23 سم
520 _aمفهوم السوق الحرة- التطور الإيديولوجي للأسواق الحرة- عولمة أسواق النقد ورأس المال- عولمة التكامل الإقتصادي الصناعي- الإصلاحات الليبيرالية ومجتمع العولمة- الأسواق الناشئة- الإستثمارات الأجنبية المباشرة في البلاد العربية- النظام العالمي الجديد للتجارة وصراع المصالح القومية بين الدول العالم.
653 _aإقتصاد السوق
653 _aالسوق الحرة
653 _aالعولمة
942 _cكتاب
999 _c46177
_d46177